000 00706nam a2200289Ia 4500
005 20260324115439.0
008 008 260324s9999 xx 000 0 eng d
020 _a9780429453465
037 _aEBOOK
040 _aCRL
040 _beng
040 _cCRL
041 _2eng
041 _aeng
084 _qCRL
100 _aMelany P. Puglisi; Mikel A. Becerro
_91154703
245 0 _aChemical Ecology
245 4 _bThe Ecological Impacts of Marine Natural Products
260 _bTaylor and Francis
260 _c2018
365 _a
365 _b400
856 _uhttp://www.taylorfrancis.com/books/9780429453465
942 _cEBOOK
999 _c1745586
_d1745586